| 000 | 00446nam a22001817a 4500 | ||
|---|---|---|---|
| 999 |
_c8988 _d8988 |
||
| 003 | GBCCL | ||
| 005 | 20241126110703.0 | ||
| 008 | 220211b ||||| |||| 00| 0 eng d | ||
| 040 | _cGBC | ||
| 082 |
_a820 _bHOS |
||
| 100 |
_aHossain, Akram _915715 |
||
| 245 | _aA handfull of english poetry | ||
| 250 | _a2nd ed. | ||
| 260 |
_aCalcutta: _bRay book concern, _c1987 |
||
| 300 | _a616p. ; | ||
| 650 |
_aPoetry _vEnglish _915716 |
||
| 942 |
_2ddc _cBK |
||